[Event "AUT-chT 9697"]
[Site "Vorarlberg"]
[Date "1996.??.??"]
[Round "?"]
[White "Juen, Leopold"]
[Black "Velkos, Dimitrios"]
[Result "1-0"]
[WhiteElo "1915"]
[BlackElo "1685"]
[PlyCount "79"]
[EventDate "1996.??.??"]
[EventType "team"]
[EventRounds "9"]
[EventCountry "AUT"]
[SourceTitle "EXT 1999"]
[Source "ChessBase"]
[SourceDate "1998.11.16"]
[SourceVersion "1"]
[SourceVersionDate "1998.11.16"]
[SourceQuality "1"]

1. e4 d6 2. d4 Nf6 3. Bd3 Nc6 4. c3 e5 5. Nf3 Bd7 6. 0-0 h6 7. Nbd2 g5 8. dxe5 Nxe5 9. Nxe5 dxe5 10. Nc4 Qe7 11. Ne3 0-0-0 12. Qc2 Qe8 13. a4 g4 14. b4 h5 15. b5 h4 16. b6 cxb6 17. a5 b5 18. c4 b4 19. Nd5 Nxd5 20. exd5 g3 21. c5 gxh2+ 22. Kh1 h3 23. g3 Kb8 24. Be4 Rc8 25. Be3 f5 26. a6 b6 27. c6 Bxc6 28. dxc6 fxe4 29. Rfc1 Bc5 30. Bxc5 Qxc6 31. Bd6+ Qxd6 32. Qxe4 Rc7 33. Rxc7 Qxc7 34. Kxh2 Rf8 35. Ra2 Qe7 36. Rc2 b3 37. Rb2 Rf7 38. Rd2 Qc5 39. Qa8+ Kxa8 40. Rd8+ 1-0

[Event "AUT-chT 9596"]
[Site "Vorarlberg"]
[Date "1996.??.??"]
[Round "8"]
[White "Velkos, Dimitrios"]
[Black "Eiler, Bruno"]
[Result "1/2-1/2"]
[WhiteElo "1695"]
[BlackElo "1710"]
[PlyCount "111"]
[EventDate "1995.??.??"]
[EventType "team"]
[EventRounds "9"]
[EventCountry "AUT"]
[SourceTitle "EXT 1999"]
[Source "ChessBase"]
[SourceDate "1998.11.16"]
[SourceVersion "1"]
[SourceVersionDate "1998.11.16"]
[SourceQuality "1"]

1. e4 g6 2. d4 Bg7 3. Nf3 d6 4. Bd3 c6 5. Be3 Nf6 6. h3 Nbd7 7. Qd2 e5 8. Nc3 exd4 9. Nxd4 Nc5 10. 0-0 Qe7 11. Rfe1 0-0 12. Bh6 Nxd3 13. Bxg7 Kxg7 14. Qxd3 Be6 15. f4 Nd7 16. Qg3 Kh8 17. Rad1 Bc4 18. b3 Ba6 19. Nb1 c5 20. Nf3 Rae8 21. Nc3 Nb6 22. e5 dxe5 23. fxe5 Rd8 24. Ne4 Rxd1 25. Rxd1 Be2 26. Re1 Bxf3 27. gxf3 Nd7 28. Nd6 b6 29. f4 f6 30. Qe3 fxe5 31. fxe5 Qe6 32. c4 g5 33. Qg3 h5 34. Nb5 g4 35. hxg4 Rg8 36. Nc7 Qe7 37. Re4 Nf6 38. Nd5 Nxe4 39. Nxe7 Nxg3 40. Nxg8 Kxg8 41. Kf2 h4 42. Kf3 Kg7 43. g5 Kg6 44. Kg4 Nf5 45. e6 Nd6 46. Kxh4 Nf5+ 47. Kg4 Ng7 48. Kf4 Nxe6+ 49. Ke5 Kf7 50. g6+ Ke7 51. a3 Ng7 52. b4 Ne6 53. b5 Ng7 54. Kd5 Kd7 55. Ke5 Ne8 56. Kd5 1/2-1/2

[Event "AUT-chT 9596"]
[Site "Vorarlberg"]
[Date "1995.??.??"]
[Round "8"]
[White "Velkos, Dimitrios"]
[Black "Schallert, F."]
[Result "1-0"]
[WhiteElo "1645"]
[BlackElo "1685"]
[PlyCount "51"]
[EventDate "1995.??.??"]
[EventType "team"]
[EventRounds "9"]
[EventCountry "AUT"]
[SourceTitle "EXT 1999"]
[Source "ChessBase"]
[SourceDate "1998.11.16"]
[SourceVersion "1"]
[SourceVersionDate "1998.11.16"]
[SourceQuality "1"]

1. e4 c5 2. b4 cxb4 3. d4 d5 4. exd5 Qxd5 5. Bb2 a6 6. Nf3 Nc6 7. Bd3 Nf6 8. Qe2 b5 9. 0-0 e6 10. a3 Bb7 11. a4 Na7 12. Nbd2 Rc8 13. Rfe1 Be7 14. Qd1 Nc6 15. axb5 axb5 16. Ne4 0-0 17. Qe2 Ra8 18. Nxf6+ Bxf6 19. Be4 Qc4 20. Qd1 Rfd8 21. Nd2 Rxd4 22. Rxa8+ Bxa8 23. Nxc4 Rxd1 24. Rxd1 bxc4 25. Bxf6 gxf6 26. Rd6 1-0